000 00688nam a2200229 a 4500
001 BRCA_4464
005 20190320204659.0
008 060910s1921----enka######---#000-0#eng-#
041 _aeng
044 _aenk
050 4 _aDP17
_b.C35 20
_c1921
100 1 _aCalvert, Albert F.
_d1872-1946
_911315
245 1 0 _aThe spanish royal tapestries
_cBy Albert F. Calvert.
260 _aLondres : Nueva York
_bJohn Lane, The Bodley Head
_c1921
300 _axxiii, 67 p. (v.20)
_bil., 277 láminas
_c20 cm.
440 0 _aThe spanish series
_v20
_911316
500 _aIncluye índice de ilustraciones
500 _aCEO13
651 4 _aTapices
_zEspaña
_911317
902 _aGFM
942 _2lcc
_cB
999 _c4170
_d4170